Segundo concurso de la narrativa para estudiantes de la Universidad de Antofagasta
Enregistré dans:
| Collectivité auteur: | |
|---|---|
| Format: | Livre |
| Langue: | espagnol |
| Publié: |
Antofagasta
Universidad de Antofagasta
1999
|
| Sujets: | |
| Tags: |
Ajouter un tag
Pas de tags, Soyez le premier à ajouter un tag!
|
MARC
| LEADER | 00000nam a2200000 a 4500 | ||
|---|---|---|---|
| 001 | UCP9182 | ||
| 003 | CL-VaPUC | ||
| 008 | 000324e19990000CL |||||||||||||||||spa|d | ||
| 082 | 0 | 4 | |a Ch863 |b UNI |2 21 |
| 110 | 2 | |a Universidad de Antofagasta |e author |9 439600 | |
| 245 | 1 | 0 | |a Segundo concurso de la narrativa para estudiantes de la Universidad de Antofagasta |
| 300 | |a 131 p | ||
| 942 | |c BK | ||
| 945 | |d 20000324 00:00:00 |a rbrito | ||
| 260 | |a Antofagasta |b Universidad de Antofagasta |c 1999 | ||
| 650 | 0 | |a Cuentos chilenos |9 308280 | |
| 583 | |a last modification |c 20000324 00:00:00 |k Rodrigo Vera | ||
| 999 | |c 286024 |d 286022 | ||
| 952 | |0 0 |1 0 |4 0 |6 CH_863_000000000000000_UNI_1999 |7 0 |8 A |9 331257 |a BIBEDU |b BIBEDU |d 2019-11-20 |i 3595013 |o Ch863 UNI 1999 |p 3595013 |r 2019-11-20 |w 2019-11-20 |y BK |k LIT | ||